000 00451nam a2200181Ia 4500
003 GCL
008 140319s9999 xx 000 0 eng d
040 _aGCL /
_cGCL
082 0 4 _a909
_bR H
100 1 _aRAWLINSON, GEORGE
245 1 0 _aTHE HISTORY OF HERODOTUS /
_cRAWLINSON, GEORGE
260 _a[S.N] :
_bJMDENNT &?SONS ،
_c1930
300 _a366 P
650 0 4 _aHISTORY
650 0 4 _aWORLD HISTORY
650 0 4 _aHERODOTUS
942 _2ddc
_cBK
999 _c11236
_d11236